Kembali (Record no. 147325)

MARC details
000 -LEADER
fixed length control field 00631nam a2200241 i 4500
001 - CONTROL NUMBER
control field C2-0227194
003 - CONTROL NUMBER IDENTIFIER
control field PPAK
005 - DATE AND TIME OF LATEST TRANSACTION
control field 20180728154708.0
008 - FIXED-LENGTH DATA ELEMENTS--GENERAL INFORMATION
fixed length control field 000712s2000 my |||| ||||| | may d
020 ## - INTERNATIONAL STANDARD BOOK NUMBER
International Standard Book Number 9836265708
040 ## - CATALOGING SOURCE
Original cataloging agency PPAK
Language of cataloging eng
Transcribing agency PPAK
Description conventions rda
082 04 - DEWEY DECIMAL CLASSIFICATION NUMBER
Classification number 899.233
Edition number 23
090 00 - LOCALLY ASSIGNED LC-TYPE CALL NUMBER (OCLC); LOCAL CALL NUMBER (RLIN)
Classification number (OCLC) (R) ; Classification number, CALL (RLIN) (NR) 899.233
Feature heading NOR
Feature heading G
100 0# - MAIN ENTRY--PERSONAL NAME
Personal name Norleen Md. Mohid,
Relator term author
245 10 - TITLE STATEMENT
Title Kembali
264 #1 - PRODUCTION, PUBLICATION, DISTRIBUTION, MANUFACTURE, AND COPYRIGHT NOTICE
Place of production, publication, distribution, manufacture Kuala Lumpur :
Name of producer, publisher, distributor, manufacturer Dewan Bahasa dan Pustaka ,
Date of production, publication, distribution, manufacture, or copyright notice 2000
300 ## - PHYSICAL DESCRIPTION
Extent 268 pages ;
Dimensions 18 cm
336 ## - CONTENT TYPE
Source rdacontent
Content type term text
337 ## - MEDIA TYPE
Source rdamedia
Media type term unmediated
338 ## - CARRIER TYPE
Source rdacarrier
Carrier type term volume
650 10 - SUBJECT ADDED ENTRY--TOPICAL TERM
Topical term or geographic name entry element Malay fiction
942 ## - ADDED ENTRY ELEMENTS (KOHA)
-- dc
Koha item type Book
Holdings
Withdrawn Not for loan Current library Shelving location Date acquired Full call number Barcode Date last seen Koha item type Total Checkouts
    Perpustakaan Baling Pinjaman Dewasa 05/12/2000 899.233 NOR A00949166 31/05/2018 Book  
    Perpustakaan Baling Pinjaman Dewasa 01/04/2003 899.233 NOR A01043858 31/05/2018 Book  
    Perpustakaan Bandar Baharu Pinjaman Dewasa 12/06/2001 899.233 NOR A00965125 31/05/2018 Book  
    Perpustakaan Jitra Pinjaman Dewasa 12/06/2001 899.233 NOR A00965121 31/05/2018 Book  
    Perpustakaan Kulim Pinjaman Dewasa 12/06/2001 899.233 NOR A00965123 31/05/2018 Book  
    Bergerak 1, Alor Setar Pinjaman Dewasa 12/06/2001 899.233 NOR A00965127 31/05/2018 Book  
    Bergerak 1, Alor Setar Pinjaman Dewasa 12/06/2001 899.233 NOR A00965128 31/05/2018 Book  
    Bergerak 3, Baling Pinjaman Dewasa 12/06/2001 899.233 NOR A00965131 31/05/2018 Book  
    Bergerak 3, Baling Pinjaman Dewasa 12/06/2001 899.233 NOR A00965132 31/05/2018 Book  
    Bergerak 4, Sungai Petani Pinjaman Dewasa 12/06/2001 899.233 NOR A00965133 31/05/2018 Book  
    Bergerak 4, Sungai Petani Pinjaman Dewasa 12/06/2001 899.233 NOR A00965134 31/05/2018 Book  
    Bergerak 5, Kulim Pinjaman Dewasa 12/06/2001 899.233 NOR A00965140 31/05/2018 Book  
    PD29, Kg. Gajah Putih, Sik Pinjaman Dewasa 10/12/2000 899.233 NOR A00951253 31/05/2018 Book  
    PD29, Kg. Gajah Putih, Sik Pinjaman Dewasa 10/12/2000 899.233 NOR A00951254 31/05/2018 Book